Loty bezpośrednie z portu lotniczego Poznań-Ławica - Statystyki

Ogólne statystyki
  • Ten quiz został rozwiązany 87 razy
  • Średni wynik to 22 z 82
Statystyki odpowiedzi
Linia lotnicza Kierunek % Poprawnych
LOT Warszawa
92%
Wizzair Londyn - Luton
83%
Ryanair Londyn - Stansted
83%
Ryanair, Wizzair Paryż - Beauvais
78%
Wizzair Paryż - Orly
78%
Ryanair Rzym
72%
(Czarter) Barcelona
70%
Ryanair Barcelona - Girona
70%
Lufthansa Monachium
70%
Wizzair Oslo - Gardermoen
70%
Ryanair, Wizzair Oslo - Torp
70%
Ryanair Sztokholm
68%
KLM Amsterdam
65%
Ryanair Kraków
63%
Lufthansa Frankfurt Nad Menem
60%
SAS Kopenhaga
58%
Ryanair Budapeszt
55%
Ryanair Dublin
53%
Ryanair Helsinki
50%
Ryanair Kijów - Boryspol
45%
Wizzair Kijów - Żuliany
45%
Ryanair Mediolan
45%
Ryanair Bruksela
37%
Ryanair Manchester
33%
(Czarter) Antalya
30%
Wizzair, Ryanair Lwów
30%
Ryanair Edynburg
28%
Ryanair Liverpool
28%
(Czarter) Rodos
25%
Ryanair Wenecja
25%
Ryanair Alicante
22%
Ryanair Chania
20%
Ryanair Palma De Mallorca
20%
Ryanair Zadar
20%
Wizzair Burgas
18%
KLM Dubaj
18%
(Czarter) Tirana
18%
Ryanair Birmingham
17%
Ryanair Cork
17%
Wizzair Eindhoven
17%
(Czarter) Heraklion
17%
Ryanair Korfu
17%
(Czarter) Kos
17%
Ryanair Malta
17%
Wizzair Split
17%
(Czarter) Teneryfa
17%
Ryanair Bristol
15%
(Czarter) Hurghada
15%
(Czarter) Bodrum
13%
(Czarter) Malaga
13%
(Czarter) Pafos
13%
LOT Saloniki
13%
Ryanair Odessa
12%
Ryanair Leeds
10%
(Czarter) Marsa Alam
10%
(Czarter) Warna
10%
Ryanair Billund
8%
KLM Gran Canaria
8%
(Czarter) Izmir
8%
(Czarter) Madera
8%
(Czarter) Palermo
8%
Ryanair Pula
8%
(Czarter) Punta Cana
8%
(Czarter) Cancun
5%
LOT Podgorica
5%
Ryanair Tel Awiw
5%
(Czarter) Zanzibar
5%
(Czarter) Djerba
3%
(Czarter) Fuerteventura
3%
(Czarter) Lanzarote
3%
(Czarter) Puerto Plata
3%
Ryanair Amman
2%
Ryanair Cagliari
2%
(Czarter) Olbia
2%
(Czarter) Samos
2%
(Czarter) Dalaman
0%
(Czarter) Enfidha
0%
(Czarter) Kawala
0%
LOT Kefalonia
0%
(Czarter) Lamezia Terme
0%
(Czarter) Minorka
0%
(Czarter) Zakintos
0%
Nie znaleziono quizów pasujących do podanych kryteriów
Rozkład punktacji
Procent ludzi z każdym wynikiem
Percentyl według liczby udzielonych odpowiedzi
Twoja historia wyników
Nie rozwiązałeś tego quizu